[Event "ch-AUT 2013"]
[Site "Feldkirch AUT"]
[Date "2013.07.23"]
[Round "4.16"]
[White "Sucher,J"]
[Black "Haertl,S"]
[Result "1-0"]
[WhiteElo "2158"]
[BlackElo "2102"]

1.d4 Nf6 2.Bg5 d5 3.Nc3 h6 4.Bh4 Bf5 5.f3 e6 6.e4 Bh7 7.Bxf6 gxf6 8.exd5 exd5
9.Bd3 c6 10.Bxh7 Rxh7 11.Nge2 Bd6 12.Qd3 Rg7 13.Qe3+ Kd7 14.Qxh6 Rg6 15.Qh5 Kc7
16.g3 Nd7 17.Qf5 Qe7 18.O-O-O Rh8 19.Qd3 Rh3 20.Ng1 Rh8 21.f4 Nb6 22.Nf3 Rgh6
23.Rde1 Qd7 24.Nd1 Rh5 25.Ne3 a6 26.Rhf1 Rg8 27.Nh4 Nc8 28.Nef5 Rhh8 29.Re2 Re8
30.Rfe1 Re6 31.Qf3 Rhe8 32.Ng7 Rxe2 33.Rxe2 Rxe2 34.Qxe2 Bf8 35.Ne8+  1-0

[Event "Biel MTO 2013"]
[Site "Biel SUI"]
[Date "2013.07.24"]
[Round "3.6"]
[White "Grachev,B"]
[Black "Sebenik,M"]
[Result "1-0"]
[WhiteElo "2683"]
[BlackElo "2511"]

1.d4 Nf6 2.Bg5 d5 3.e3 c5 4.c3 Qb6 5.Qb3 c4 6.Qc2 Ne4 7.Bf4 Bf5 8.f3 Nd6
9.e4 Bg6 10.Qe2 e6 11.exd5 Bd3 12.Qd2 Bxf1 13.Kxf1 exd5 14.Na3 Be7 15.Re1 Qd8
16.Nc2 O-O 17.Ne3 Nc8 18.Nh3 Nc6 19.Kf2 Re8 20.Re2 Qd7 21.Rhe1 b5 22.Qc2 Nb6
23.Qf5 Bh4+ 24.g3 Qxf5 25.Nxf5 Rxe2+ 26.Rxe2 Bf6 27.Bc7 b4 28.Nf4 Bg5 29.Bxb6 Bxf4
30.Bc5 Bc1 31.cxb4 g6 32.Nd6 a6 33.f4  1-0

[Event "36th Taminco Open"]
[Site "Ghent BEL"]
[Date "2013.07.24"]
[Round "9.3"]
[White "Gormally,D"]
[Black "Ikonnikov,Vy"]
[Result "1/2-1/2"]
[WhiteElo "2496"]
[BlackElo "2548"]

1.d4 Nf6 2.Bg5 c5 3.d5 Ne4 4.Bf4 d6 5.f3 Nf6 6.e4 a6 7.Qd2 e5 8.dxe6 Bxe6
9.Nc3 Nc6 10.O-O-O Qa5 11.Kb1 O-O-O 12.Nd5 Qxd2 13.Rxd2 Bxd5 14.exd5 Ne7
15.c4 Ng6 16.Bg3 Nh5 17.Bf2 Ne5 18.Nh3 g6 19.g4 Nf6 20.Be2 h5 21.g5 Nfd7
22.Bg3 Re8 23.Re1 Bg7 24.Rdd1 Kc7 25.Kc2 b5 26.cxb5 axb5 27.Bxb5 h4 28.Bxe5 Bxe5
29.Re2 Kd8 30.f4 Bd4 31.Rde1 Rxe2+ 32.Rxe2 Nb6 33.Bc6 Nc8 34.a4 Ne7 35.Bb7 Nf5
36.a5 Kc7 37.a6 c4 38.Re4 Kb6 39.Kd2 Ka7 40.Ke2 Bxb2 41.Rxc4 Re8+ 42.Kd2 Bd4
43.Rc7 Re3 44.Ng1 Ra3 45.Ne2 Be3+ 46.Kc2 Ra2+ 47.Kd1 Ra1+ 48.Kc2 Ra2+ 49.Kd1 Ra1+
50.Kc2  1/2-1/2

[Event "VIII Vladimir Dvorkovich Open"]
[Site "Taganrog RUS"]
[Date "2013.07.24"]
[Round "3.15"]
[White "Kovalchuk,Al RUS"]
[Black "Kim,Ya"]
[Result "0-1"]
[WhiteElo "2235"]
[BlackElo "1983"]

1.d4 Nf6 2.Bg5 g6 3.Bxf6 exf6 4.e3 Bg7 5.h4 d6 6.h5 Nd7 7.Bd3 f5 8.Ne2 Nf6
9.Ng3 Qe7 10.Qf3 c6 11.Nd2 Be6 12.O-O-O O-O-O 13.Rde1 Qc7 14.h6 Bf8 15.e4 fxe4
16.Ndxe4 Nxe4 17.Nxe4 Be7 18.Kb1 Rhe8 19.Nf6 Bxf6 20.Qxf6 Bxa2+ 21.Kc1 Qa5
22.c3 Bb3 23.Bb1 Qa1 24.Qf3 Be6 25.Rxe6 Rxe6 26.d5 cxd5 27.Rd1 Rde8 28.Qxd5 Re2
29.Rd2 Re1+ 30.Rd1 R8e2 31.Qb3 Rxd1+ 32.Kxd1 Rxb2  0-1

[Event "ch-AUT 2013"]
[Site "Feldkirch AUT"]
[Date "2013.07.25"]
[Round "6.12"]
[White "Sucher,J"]
[Black "Sandhoefner,F"]
[Result "1-0"]
[WhiteElo "2158"]
[BlackElo "2270"]

1.d4 Nf6 2.Bg5 c5 3.Nc3 d5 4.Nf3 Nc6 5.e3 cxd4 6.Nxd4 a6 7.Be2 e5 8.Nb3 Be6
9.O-O Be7 10.f4 exf4 11.exf4 d4 12.Bxf6 Bxf6 13.Ne4 O-O 14.Bf3 Be7 15.Nec5 Bxc5
16.Nxc5 Bc4 17.Rf2 Rb8 18.Bxc6 bxc6 19.b3 Qd5 20.Na4 Bb5 21.Nb2 a5 22.Rd2 Rbd8
23.c4 dxc3 24.Rxd5 Rxd5 25.Qc1 cxb2 26.Qxb2 Rfd8 27.Re1 c5 28.a4 Bc6 29.Re2 Rd4
30.Qc3 Rxf4 31.Rd2 Re8 32.Rd6 Ba8 33.Qxa5 Rfe4 34.Rd8 Re1+ 35.Kf2 Re2+ 36.Kg3 Re3+
37.Kh4 Bxg2 38.Rxe8+ Rxe8 39.Qxc5 h6 40.Kg3 Be4 41.a5 f5 42.b4 g5 43.b5 f4+
44.Kg4 Kg7 45.a6 Kf6 46.Qd4+ Kg6 47.Qd6+ Kg7 48.b6  1-0

[Event "III Brazil Maringa Open"]
[Site "Maringa BRA"]
[Date "2013.07.25"]
[Round "2.26"]
[White "Medeiros,Thauane Ferreira"]
[Black "Bandeira,T"]
[Result "1-0"]
[WhiteElo "1836"]
[BlackElo "2150"]

1.d4 Nf6 2.Bg5 d5 3.Bxf6 gxf6 4.c4 c6 5.Nc3 e5 6.cxd5 cxd5 7.e3 Be6 8.g3 Nc6
9.Nge2 Qd7 10.Bg2 O-O-O 11.O-O h5 12.h4 Bh6 13.a3 Ne7 14.Kh2 Rhg8 15.Na4 b6
16.Qb3 Qb7 17.Rfc1+ Kb8 18.Rc3 Rc8 19.Rac1 Qa6 20.Bf1 Qb7 21.Qb4 Nf5 22.Bg2 e4
23.Rxc8+ Bxc8 24.Rc3 Bf8 25.Qb3 Bd6 26.Kh1 Bd7 27.Rc1 Nh6 28.Nac3 Be6 29.Nb5 Qd7
30.Nxd6 Qxd6 31.Nf4 Ng4 32.Kg1 Kb7 33.Bf1 Rc8 34.Rxc8 Kxc8 35.Ba6+ Kd8 36.Be2 Qc6
37.Qc3 Qxc3 38.bxc3 f5 39.Nxh5 Nh6 40.Nf4 Kc7 41.Kf1 Kd6  1-0

[Event "65th ch-MNE 2013"]
[Site "Cetinje SRB"]
[Date "2013.07.26"]
[Round "7.2"]
[White "Kosic,D"]
[Black "Nikcevic,N"]
[Result "1/2-1/2"]
[WhiteElo "2490"]
[BlackElo "2441"]

1.d4 Nf6 2.Bg5 d5 3.e3 c6 4.Bd3 Bg4 5.f3 Bh5 6.Ne2 Nbd7 7.Bf4 Bg6 8.h3 e6
9.O-O Be7 10.Nbc3 c5 11.a4 a6 12.Kh1 Rc8 13.Bh2 O-O 14.Nf4 Qb6 15.a5 Qc6
16.Nce2 c4 17.Bxg6 hxg6 18.g4 Rfd8 19.h4 Nf8 20.Bg3 Bd6 21.Qd2 e5 22.dxe5 Bxe5
23.Nd4 Qc7 24.c3 Re8 25.Rg1 Rcd8 26.Rg2 Rd6 27.Bh2 N6d7 28.g5 Nc5 29.Qc2 Qc8
30.Rd1 Rdd8 31.Rg4 Bc7 32.Nde2 Bxf4 33.Nxf4 Qc6 34.Bg1 Nb3 35.Qg2 Ne6 36.Nxe6 Qxe6
37.e4 dxe4 38.Rxd8 Rxd8 39.Rxe4 Qf5 40.Qg4 Qxg4 41.fxg4 Nxa5 42.Re7 Rd2 43.Re8+ Kh7
44.Re7 Kg8 45.Re8+ Kh7 46.Re7 Kg8 47.Re8+ Kh7 48.Re7  1/2-1/2

[Event "15th TCh-Eur Senior"]
[Site "Dresden GER"]
[Date "2013.07.26"]
[Round "7"]
[White "Huelsmann,J"]
[Black "Kirmas,J"]
[Result "1/2-1/2"]
[WhiteElo "2180"]
[BlackElo "2050"]

1.d4 Nf6 2.Bg5 d5 3.Bxf6 exf6 4.e3 Bd6 5.Bd3 f5 6.Nh3 g6 7.Nd2 Be6 8.Nf4 Bxf4
9.exf4 Nd7 10.O-O O-O 11.Re1 Nf6 12.c3 Re8 13.Nb3 b6 14.f3 Qd6 15.Qd2 Re7
16.g3 Rae8 17.Re5 Bc8 18.Rae1 Nd7 19.Bb5 Kf8 20.Kf2 a6 21.Rxe7 Rxe7 22.Rxe7 Qxe7
23.Be2 Bb7 24.Nc1 Nb8 25.Nd3 a5 26.Qe3 Ba6 27.Qxe7+ Kxe7 28.g4 fxg4 29.fxg4 Nd7
30.g5 f5 31.Ne5 Nxe5 32.dxe5 Bb7 33.b4 axb4 34.cxb4 c6 35.Ke3 b5 36.Kd4 Kd7
37.Kc5 Kc7 38.e6 Bc8 39.e7 Bd7 40.Bd1 Be8 41.a4 bxa4 42.Bxa4 Bd7 43.Bb3 Be8
44.Ba4 Bd7 45.h3 Be8 46.h4 Bd7 47.h5 Be8 48.h6 Bd7 49.Bb3 Be8 50.Bxd5 cxd5
51.Kxd5 Kb6 52.Kd6 Kb7 53.Ke5 Kc7 54.Kf6 Kd6 55.b5 Bxb5 56.Kg7 Bd7 57.e8=Q Bxe8
58.Kg8 Ke6 59.Kf8 Bd7 60.Kg7 Ke7 61.Kg8 Ke8 62.Kxh7 Kf7 63.Kh8 Kf8 64.h7  1/2-1/2

[Event "28th Avoine Open"]
[Site "Avoine FRA"]
[Date "2013.07.27"]
[Round "8.4"]
[White "Saada,J"]
[Black "Lazarev,V"]
[Result "1/2-1/2"]
[WhiteElo "2319"]
[BlackElo "2410"]

1.d4 Nf6 2.Bg5 d5 3.Bxf6 exf6 4.e3 c6 5.Nd2 f5 6.g3 Be6 7.Bg2 Bd6 8.Ne2 Nd7
9.Nf4 Qe7 10.O-O Nf6 11.Nh5 O-O 12.Nxf6+ Qxf6 13.c4 dxc4 14.Qc2 Bd5 15.Nxc4 Bxg2
16.Kxg2 Bc7 17.Nd2 Rfd8 18.b4 Rd5 19.Rab1 Qe7 20.a4 a6 21.Rfc1 Bd6 22.Nc4 Bc7
23.Nd2 Bd6 24.Nc4 Bc7 25.Nd2 Bd6 26.Nc4 Bc7 27.Qd1 Bd6 28.Qc2 Qd8 29.Nxd6 Qxd6
30.Qe2 Qd7 31.a5 g6 32.Rc5 Re8 33.Qf3 Re4 34.Rbc1  1/2-1/2

[Event "Sparkassen Open A 2013"]
[Site "Dortmund GER"]
[Date "2013.07.27"]
[Round "1.21"]
[White "Heinert,E"]
[Black "Grahl,Matthias"]
[Result "1-0"]
[WhiteElo "2129"]
[BlackElo "1935"]

1.d4 Nf6 2.Bg5 d5 3.Bxf6 gxf6 4.e3 e5 5.c4 c6 6.Nc3 Be6 7.Qb3 Qb6 8.Qxb6 axb6
9.cxd5 Bxd5 10.Nxd5 cxd5 11.a3 Bb4+ 12.Kd1 Bd6 13.Ne2 Nc6 14.g3 O-O 15.Nc3 exd4
16.Nxd5 dxe3 17.fxe3 Bc5 18.Bg2 Rad8 19.Kc2 Kg7 20.b4 Ne7 21.Nxe7 Bxe7 22.Bxb7 Rd7
23.Bc6 Rd6 24.Bb5 f5 25.Rad1 Rc8+ 26.Kb3 Re6 27.Rhe1 Rc7 28.Rd3 Bg5 29.Rf1 Bxe3
30.Rxf5 Bc1 31.Bc4 Re2 32.Rc3 Rb2+ 33.Ka4 Bd2 34.Rb3 Ra7+ 35.Kb5 Rxb3 36.Bxb3 Be3
37.a4 Rd7 38.Rd5 Re7 39.Rf5 Kg6  1-0

[Event "15th TCh-Eur Senior"]
[Site "Dresden GER"]
[Date "2013.07.27"]
[Round "8"]
[White "Fritsch,J"]
[Black "Schlag,F"]
[Result "0-1"]
[WhiteElo "1958"]
[BlackElo "2037"]

1.d4 Nf6 2.Bg5 d5 3.e3 c6 4.Bxf6 gxf6 5.c4 Bf5 6.Nc3 e6 7.c5 Nd7 8.g4 Bg6
9.h4 h5 10.gxh5 Bxh5 11.Be2 Bxe2 12.Qxe2 e5 13.O-O-O Qa5 14.Qc2 b6 15.cxb6 axb6
16.b3 Bb4 17.Nge2 Ke7 18.Kb1 e4 19.Na4 f5 20.Ng3 b5 21.Qxc6 bxa4 22.Nxf5+ Kd8
23.Qxa4 Qxa4 24.bxa4 Rxa4 25.h5 Nb6 26.h6 Nc4 27.Rdg1 Kd7 28.Rg7 Ke6 29.h7 Raa8
30.Nh6 Bf8 31.Rg8 Rxh7 32.Rh4 Rb8+  0-1

[Event "Open Desko Liberec 2013"]
[Site "Liberec CZE"]
[Date "2013.07.27"]
[Round "9.4"]
[White "Sabol,M"]
[Black "Plichta,K"]
[Result "0-1"]
[WhiteElo "2332"]
[BlackElo "2177"]

1.d4 Nf6 2.Bg5 c5 3.Bxf6 gxf6 4.d5 Qb6 5.Qc1 f5 6.g3 Bg7 7.c3 d6 8.Bg2 Nd7
9.Nh3 h5 10.Na3 Ne5 11.Nf4 h4 12.Nd3 Qa6 13.Nxe5 Bxe5 14.Nc2 Bd7 15.Kf1 O-O-O
16.Ne1 Rdg8 17.Nd3 Bf6 18.a4 e5 19.dxe6 fxe6 20.b4 Bc6 21.b5 Bxg2+ 22.Kxg2 h3+
23.Kf1 Qa5 24.Qe3 Re8 25.b6 axb6 26.Rc1 Qxa4 27.f3 e5 28.Kf2 f4 29.Qd2 Kc7
30.Rhd1 fxg3+ 31.hxg3 e4 32.fxe4 Qxe4 33.Ne1 Be5 34.Nf3 Qg6 35.Qg5 Qxg5 36.Nxg5 Rhg8
37.Nxh3 Bxg3+ 38.Kf3 Bh2 39.Kf2 Ref8+ 40.Ke1 Rh8 41.Rd3 Kc6 42.c4 b5 43.cxb5+ Kxb5
44.Nf2 Rhg8 45.Nd1 Rg1+ 46.Kd2 Bf4+ 47.e3 Rg2+ 48.Kc3 Be5+ 49.Kb3 Kc6 50.Rc2 Rxc2
51.Kxc2 b5 52.Rd2 c4  0-1

[Event "Sparkassen Open A 2013"]
[Site "Dortmund GER"]
[Date "2013.07.28"]
[Round "2.29"]
[White "Boehm,Ju2"]
[Black "Armbruester,Juergen"]
[Result "1/2-1/2"]
[WhiteElo "2189"]
[BlackElo "1954"]

1.d4 Nf6 2.Bg5 d5 3.Bxf6 exf6 4.e3 Bd6 5.g3 O-O 6.Bg2 c6 7.Ne2 f5 8.O-O Nd7
9.b3 Nf6 10.c4 Be6 11.Qd3 g6 12.Nbc3 Bc7 13.Nf4 Bxf4 14.exf4 Qa5 15.Rab1 Rad8
16.c5 Ne4 17.b4 Qc7 18.Nd1 a6 19.f3 Nf6 20.Re1 Rfe8 21.Nc3 Bc8 22.a4 Rxe1+
23.Rxe1 Re8 24.Rxe8+ Nxe8 25.b5 axb5 26.axb5 Ng7 27.b6 Qe7 28.Kf2 Ne6 29.Qe3 Qf6
30.Ne2 h5 31.Qe5 Qxe5 32.fxe5 f6 33.exf6 Kf7 34.Ke3 Kxf6 35.h4 Nd8 36.Nf4 Bd7
37.Bf1 Bc8 38.Be2 Bd7 39.Bd1 Bc8 40.Bc2 Bd7 41.g4 hxg4 42.fxg4 g5 43.hxg5+ Kxg5
44.gxf5 Bxf5 45.Bb3 Be4 46.Bd1 Kf5 47.Bh5 Kf6 48.Bg4 Bf5 49.Bf3 Bd7 50.Bg2 Ke7
51.Nxd5+ cxd5 52.Bxd5 Bc6 53.Bc4 Bg2 54.d5 Kd7 55.Kd4 Bf3 56.Bd3 Bg4 57.Bg6 Bh3
58.Ke5 Bg4 59.Kf6 Bh3 60.Be4 Bg4 61.Bg2 Kc8 62.Ke7 Bf5 63.c6 bxc6 64.dxc6 Nxc6+
65.Bxc6 Kb8  1/2-1/2

[Event "15th TCh-Eur Senior"]
[Site "Dresden GER"]
[Date "2013.07.28"]
[Round "9"]
[White "Walther,D"]
[Black "Johnsen,Oystein"]
[Result "0-1"]
[WhiteElo "2159"]
[BlackElo "2038"]

1.d4 d5 2.Bg5 Nf6 3.Nc3 Nbd7 4.Nf3 e6 5.e3 Be7 6.Bd3 c5 7.dxc5 Nxc5 8.O-O Nxd3
9.Qxd3 O-O 10.Rad1 h6 11.Bxf6 Bxf6 12.e4 dxe4 13.Nxe4 Be7 14.Qc3 Qb6 15.Ne5 Bb4
16.Qb3 Ba5 17.Qg3 Kh7 18.Nd6 Qc7 19.Rd4 Bb6 20.Rg4 g5 21.Ne4 f6 22.Qa3 Qg7
23.Nf3 e5 24.Rg3 Be6 25.h4 g4 26.Qd3 Bf5 27.h5 Rad8 28.Qe2 Qd7 29.Nh4 Bxe4
30.Qxe4+ f5 31.Qb4 Qd6 32.Qb3 Qf6 33.Ng6 Rfe8 34.Re3 Bxe3 35.fxe3 Rd7 36.Qc3 Kg7
37.g3 e4 38.Qc5 Qd6 39.Qc3+ Kh7 40.Rxf5 Qxg3+ 41.Kf1 Qh3+ 42.Ke1 Qg3+ 43.Kf1 Qh3+
44.Ke1 Qg3+ 45.Ke2 Qh2+ 46.Ke1 g3 47.Qc4 Qh1+ 48.Rf1 g2  0-1

[Event "Politiken Cup 2013"]
[Site "Helsingor DEN"]
[Date "2013.07.28"]
[Round "2.7"]
[White "Brunello,S"]
[Black "Brorsen,J"]
[Result "1-0"]
[WhiteElo "2593"]
[BlackElo "2142"]

1.d4 Nf6 2.Bg5 d5 3.c4 c6 4.Bxf6 gxf6 5.e3 Bf5 6.Nc3 e6 7.Nge2 h5 8.h4 Bd6
9.Nc1 Nd7 10.Be2 Bg6 11.c5 Bc7 12.b4 b5 13.a4 a6 14.g3 Nf8 15.Nb3 e5 16.Kd2 Ne6
17.Kc1 Ng7 18.Kb2 O-O 19.g4 hxg4 20.axb5 axb5 21.Rxa8 Qxa8 22.Bxg4 f5 23.Be2 e4
24.h5 Bh7 25.Qg1 Kh8 26.Qg5 f6 27.Qh4 Ne6 28.Ra1 Qe8 29.h6 f4 30.Ra6 f3 31.Bf1 Nd8
32.Qg4 Bg6 33.Qc8 Ne6 34.Qb7 Qc8 35.Qxc8  1-0

[Event "Politiken Cup 2013"]
[Site "Helsingor DEN"]
[Date "2013.07.28"]
[Round "3.69"]
[White "Pedersen,HB"]
[Black "Christenson,Bjorn Aa"]
[Result "1-0"]
[WhiteElo "2118"]
[BlackElo "1886"]

1.d4 Nf6 2.Bg5 d5 3.Nd2 Nbd7 4.e3 e6 5.Ngf3 Be7 6.Bd3 h6 7.Bh4 c5 8.c3 cxd4
9.exd4 O-O 10.O-O Re8 11.Re1 Nh7 12.Bg3 Ng5 13.Ne5 Nxe5 14.Bxe5 f5 15.Qh5 Bf6
16.Bxf6 gxf6 17.Qg6+ Kf8 18.Qxh6+ Ke7 19.Bxf5 Kd6 20.Bc2 Rh8 21.Qg6 Nh3+
22.Kf1 Ng5 23.Qd3 Ke7 24.Qg3 b6 25.Bd3 Rg8 26.Qf4 Qf8 27.Re3 Bd7 28.Rae1 Qg7
29.Rg3 Qh8 30.h3 Nf7 31.Ree3 Rxg3 32.Rxg3 e5 33.dxe5 fxe5 34.Qb4+ Nd6 35.Rg6 Be6
36.Nf3 a5 37.Qxb6 Rd8 38.Ng5 Bg8 39.Bb5 Qh5 40.Qc7+  1-0

[Event "VIII Vladimir Dvorkovich Open"]
[Site "Taganrog RUS"]
[Date "2013.07.28"]
[Round "7.13"]
[White "Chernyavsky,A"]
[Black "Kim,Ya"]
[Result "1-0"]
[WhiteElo "2252"]
[BlackElo "1983"]

1.d4 Nf6 2.Bg5 g6 3.Bxf6 exf6 4.e3 Bg7 5.Ne2 d6 6.Nf4 Nd7 7.g3 f5 8.Bg2 Nf6
9.c4 c6 10.Nc3 Qe7 11.b4 Be6 12.b5 c5 13.dxc5 dxc5 14.Rc1 O-O 15.Ncd5 Bxd5
16.Nxd5 Nxd5 17.Bxd5 Rfd8 18.Qf3 Qc7 19.O-O Rd7 20.h4 a6 21.Rb1 axb5 22.Rxb5 Rxa2
23.Rxb7 Qd8 24.Rbb1 Be5 25.Rfd1 Qe7 26.h5 Kg7 27.Kg2 Qg5 28.hxg6 hxg6 29.Bc6 Rxd1
30.Rxd1 Ra7 31.Rd5 Qe7 32.Qd1 Bf6 33.Qd3 Rc7 34.Ba4 Ra7 35.Bd1 Bb2 36.Bf3 Be5
37.Qb3 g5 38.Bd1 g4 39.Bc2 Qf6 40.Rxc5 Ra1 41.Bb1 Ra6 42.Qd3 Qh6 43.Rxe5 Qh3+
44.Kg1 Rh6 45.Qd5  1-0

[Event "Sparkassen Open A 2013"]
[Site "Dortmund GER"]
[Date "2013.07.29"]
[Round "3.19"]
[White "Krueger,An"]
[Black "Eckardt,Joshua"]
[Result "0-1"]
[WhiteElo "2120"]
[BlackElo "2023"]

1.d4 Nf6 2.Bg5 c5 3.Nc3 cxd4 4.Qxd4 Nc6 5.Qh4 Qb6 6.O-O-O d6 7.Bxf6 gxf6
8.Nd5 Qa5 9.Kb1 Be6 10.e4 Rc8 11.Bc4 Qc5 12.Bb3 Nd4 13.Nf3 Nxb3 14.cxb3 Qc2+
15.Ka1 f5 16.Nf6+ exf6 17.exf5 Qxf5 18.Rhe1 Be7 19.Nd4 Qg5 20.Qe4 f5 21.Qxb7 O-O
22.Re3 Qf6 23.Nc6 Rfe8 24.Rc3 Bf8 25.Qxa7 Bg7 26.Nd4 Bd5 27.a3 Rxc3 28.bxc3 Ra8
29.Qb6 Rxa3+ 30.Kb2 Rxb3+ 31.Nxb3 Qxc3+ 32.Ka3 Qb2+ 33.Ka4 Qa2+  0-1

[Event "Sparkassen Open A 2013"]
[Site "Dortmund GER"]
[Date "2013.07.29"]
[Round "3.3"]
[White "Heinert,E"]
[Black "Scheider,J"]
[Result "1-0"]
[WhiteElo "2129"]
[BlackElo "2305"]

1.d4 Nf6 2.Bg5 c5 3.Bxf6 gxf6 4.d5 Qb6 5.Qc1 f5 6.c4 Bh6 7.e3 f4 8.exf4 Bxf4
9.Qxf4 Qxb2 10.Ne2 Qxa1 11.Nc3 d6 12.Qd2 a6 13.Bd3 Rg8 14.O-O Bh3 15.Be4 f5
16.Bf3 Nd7 17.Kh1 Bg4 18.Qc2 Ne5 19.Bxg4 Rxg4 20.Nd2 Qxf1+ 21.Nxf1 Rxc4 22.Ne3 Rf4
23.Ne2 Re4 24.Nxf5 Rc4 25.Ng7+ Kd7 26.Qf5+ Kc7 27.Qxh7 Kb6 28.Ne6 Re8 29.h3 Nd7
30.g4 Nf6 31.Qf7 Rh8 32.Kg2 Rh7 33.Qg6 Rh4 34.f3 Rh8 35.Kg3 Rg8 36.Qf7 Rc2
37.N2f4 Rc3 38.Kf2 Rc2+ 39.Ke3 Rc3+ 40.Ke2 Rc2+ 41.Kd3 Rxa2 42.g5 Ra3+ 43.Ke2 Ra2+
44.Ke3 Ra3+ 45.Kf2 Ra2+ 46.Ne2  1-0

[Event "Helmut-Kohls-Turnier"]
[Site "Dortmund GER"]
[Date "2013.07.29"]
[Round "3.3"]
[White "Nalbandian,T"]
[Black "Wagner,De"]
[Result "1/2-1/2"]
[WhiteElo "2434"]
[BlackElo "2465"]

1.d4 Nf6 2.Bg5 d5 3.Bxf6 exf6 4.e3 Bd6 5.g3 O-O 6.Bg2 c6 7.Ne2 f5 8.O-O Nd7
9.b3 Nf6 10.c4 Be6 11.Qd3 g6 12.Nbc3 Qd7 13.cxd5 Nxd5 14.Nxd5 Bxd5 15.Nc3 Bxg2
16.Kxg2 Rad8 17.Rfd1 Rfe8 18.Rac1 h5 19.h4 Re7 20.Ne2 Bb8 21.Nf4 Re4 22.Nh3 Qd5
23.Rc5 Rxd4+ 24.Rxd5 R4xd5 25.Qc3 Rxd1 26.Ng5 R1d6 27.e4 fxe4 28.Nxe4 Rd4
29.Qa5 b5 30.Ng5 R4d5 31.Ne4 Rd4 32.f3 Rd1 33.Qc3 R8d4 34.Qxc6 Bd6 35.Qxb5 Rc1
36.Nf6+ Kg7 37.Nxh5+ Kf8 38.Nf6 Rdd1 39.Kh3 Rg1 40.f4 Rce1 41.Qd5 Be7 42.Nd7+ Ke8
43.Ne5 Rh1+ 44.Kg2 Reg1+ 45.Kf2 Rf1+ 46.Kg2 Rfg1+ 47.Kf3 Rf1+ 48.Ke2 Re1+
49.Kf2 Ref1+ 50.Kg2 Rfg1+  1/2-1/2

[Event "Charleroi Open 2013"]
[Site "Charleroi BEL"]
[Date "2013.07.30"]
[Round "5.16"]
[White "Vanhee,F"]
[Black "Maalla,A"]
[Result "0-1"]
[WhiteElo "1966"]
[BlackElo "2118"]

1.d4 Nf6 2.Bg5 d5 3.Nd2 e6 4.e3 Be7 5.Bd3 Nbd7 6.Ngf3 c5 7.c3 O-O 8.Ne5 Nxe5
9.dxe5 Nd7 10.Bf4 f5 11.h4 c4 12.Bc2 b5 13.a3 a5 14.Nf3 Qc7 15.Ng5 Nxe5 16.Qh5 h6
17.Bxe5 Qxe5 18.Qg6 hxg5 19.hxg5 Bc5  0-1

[Event "Sparkassen Open A 2013"]
[Site "Dortmund GER"]
[Date "2013.07.30"]
[Round "4.30"]
[White "Boehm,Ju2"]
[Black "Wegelin,R"]
[Result "1-0"]
[WhiteElo "2189"]
[BlackElo "1935"]

1.d4 Nf6 2.Bg5 c5 3.Bxf6 exf6 4.e3 Qb6 5.Nc3 cxd4 6.Qxd4 Qxd4 7.exd4 Bb4
8.Ne2 d5 9.a3 Bxc3+ 10.Nxc3 Be6 11.O-O-O Nc6 12.Be2 O-O-O 13.Rhe1 h5 14.h4 Bg4
15.g3 Be6 16.Bf3 Bg4 17.Re3 Be6 18.Ne2 g5 19.Rh1 Bg4 20.Kd2 Bxf3 21.Rxf3 gxh4
22.Rxh4 Rd6 23.Rf5 Re8 24.Rfxh5 Re4 25.Rxe4 dxe4 26.Ke3 Ne7 27.Kxe4 f5+ 28.Kd3 Rb6
29.b3 Ra6 30.a4 Kd7 31.Nf4 Ra5 32.Rh7 b5 33.axb5 Rxb5 34.Rxf7  1-0

[Event "Sparkassen Open A 2013"]
[Site "Dortmund GER"]
[Date "2013.07.31"]
[Round "5.18"]
[White "Krueger,An"]
[Black "Nielsen,Fr"]
[Result "1/2-1/2"]
[WhiteElo "2120"]
[BlackElo "2015"]

1.d4 Nf6 2.Bg5 c5 3.Bxf6 exf6 4.d5 Qb6 5.Qc1 Bd6 6.g3 O-O 7.Bg2 Re8 8.e3 Be5
9.c3 f5 10.Ne2 Qa6 11.Qc2 d6 12.O-O Nd7 13.Re1 g6 14.Nd2 Rb8 15.c4 b5 16.cxb5 Rxb5
17.Nc4 Bg7 18.Rad1 Ne5 19.Nxe5 Bxe5 20.b3 Bd7 21.Bf1 Rbb8 22.Nd4 Qb6 23.Nf3 Bb5
24.Bxb5 Qxb5 25.Nd2 a5 26.Nc4 Qa6 27.Rc1 Qa8 28.Red1 Rbd8 29.a3 h5 30.Rd3 h4
31.Qd2 hxg3 32.hxg3 a4 33.Nb6 Qb7 34.Nxa4 Ra8 35.Qc2 Kg7 36.Kg2 Rh8 37.Qc4 f4
38.exf4 Bd4 39.Rdd1 Rae8 40.Rh1 Qe7 41.Nc3 Bxf2 42.Rxh8 Kxh8 43.Rc2 Bd4 44.Re2 Qd7
45.Kf3 Kg7 46.Nb5 Rxe2 47.Qxe2 Qh3 48.Nxd4 cxd4 49.Qg2 Qf5 50.Qb2 Qxd5+ 51.Kf2 f6
52.b4 d3 53.Ke3 g5 54.Qc3 Qg2 55.Qc7+ Kg6 56.Kxd3 Qxg3+ 57.Kc2 Qxf4 58.Qd8 Qc4+
59.Kb2 Qd4+ 60.Kb3 d5 61.Qe8+ Kf5 62.Qd7+ Kf4 63.b5 Qc4+ 64.Kb2 d4 65.Qc6 Qe2+
66.Kb3 d3 67.Qxf6+ Kg4 68.Qd4+ Kg3 69.Qg1+ Kf3 70.Qxg5 Qc2+ 71.Kb4 Qb2+ 72.Kc4 Qxa3
73.Qd2 Qa4+ 74.Kc5  1/2-1/2

[Event "100th ch-GBR 2013"]
[Site "Torquay ENG"]
[Date "2013.07.31"]
[Round "3.52"]
[White "Collier,D"]
[Black "Emery,Keith"]
[Result "1-0"]
[WhiteElo "2086"]
[BlackElo "1906"]

1.d4 Nf6 2.Bg5 g6 3.Bxf6 exf6 4.g3 Bg7 5.Bg2 O-O 6.e3 d5 7.Ne2 c6 8.O-O Be6
9.Nd2 Qc8 10.Nf4 Nd7 11.e4 dxe4 12.Nxe4 Nb6 13.Re1 Nd5 14.Nxd5 Bxd5 15.c4 Bxe4
16.Rxe4 Re8 17.Rxe8+ Qxe8 18.Qd2 Qd7 19.d5 Rd8 20.Re1 b5 21.d6 Qxd6 22.Re8+ Bf8
23.Rxd8 Qxd2 24.Rxd2  1-0

[Event "100th ch-GBR 2013"]
[Site "Torquay ENG"]
[Date "2013.07.31"]
[Round "3.15"]
[White "Meszaros,Gyu"]
[Black "Ledger,D"]
[Result "1-0"]
[WhiteElo "2255"]
[BlackElo "2305"]

1.d4 Nf6 2.Bg5 c5 3.Nc3 d5 4.Bxf6 gxf6 5.e3 Nc6 6.Qh5 e6 7.O-O-O cxd4 8.exd4 f5
9.h3 Qf6 10.Nf3 Be7 11.Nb5 O-O 12.g4 Qg6 13.Qxg6+ fxg6 14.g5 Bd7 15.h4 Rac8
16.Nc3 a6 17.Kb1 Bd6 18.Ne2 Nd8 19.Nc1 Nf7 20.Re1 Rfe8 21.Nd3 Bb5 22.h5 Bxd3
23.Bxd3 Kg7 24.Re2 Bf4 25.Rhe1 Rc6 26.Rg1 Rd8 27.Rg2 Re8 28.Re1 Nd6 29.Rh1 Ne4
30.Rh4 Bd6 31.Kc1 Rcc8 32.Kd1 Rc6 33.Ng1 Rb6 34.Kc1 Rc8 35.Ne2 e5 36.hxg6 hxg6
37.Bxe4 fxe4 38.Rgh2 Kf7 39.Rh7+ Ke6 40.Rg7 Kf5 41.Rf7+ Kxg5 42.Rg2+ Kh6
43.Rf6 Rg8 44.Ng3 Kg7 45.dxe5 Rxb2 46.Nf5+ Kh7 47.Rh2+  1-0

[Event "100th ch-GBR 2013"]
[Site "Torquay ENG"]
[Date "2013.08.02"]
[Round "5.33"]
[White "Batchelor,Peter J"]
[Black "Balaji,Ananthanarayanan"]
[Result "1-0"]
[WhiteElo "2118"]
[BlackElo "1946"]

1.d4 Nf6 2.Bg5 c5 3.Nc3 Qb6 4.d5 d6 5.e4 g6 6.Bb5+ Bd7 7.a4 Bxb5 8.axb5 Bg7
9.Nf3 Nbd7 10.O-O O-O 11.Nd2 Qc7 12.Qe2 Rfe8 13.f4 e6 14.dxe6 fxe6 15.Rae1 Nb6
16.Qf3 d5 17.Bxf6 Bxf6 18.e5 Bg7 19.Qh3 Nd7 20.g3 Rad8 21.Nf3 Nf8 22.Qg2 Qb6
23.Qf2 Rc8 24.Kg2 Nd7 25.Qd2 Rcd8 26.Qe2 Bf8 27.Na4 Qa5 28.Ra1 Qc7 29.c4 Nb6
30.Nxb6 Qxb6 31.b3 Rd7 32.Qa2 a6 33.Qa5 Qxa5 34.Rxa5 axb5 35.Rxb5 Ra8 36.Rd1 Rad8
37.Ra1 h6 38.Ra7 Rb8 39.Rb6 Re7 40.cxd5 exd5 41.Rxg6+ Kh7 42.Rd6 d4 43.Rb6 Rc7
44.Rb5 d3 45.f5 Kg8 46.Ra1 Rd8 47.Rd1 Rd5 48.g4 Kf7 49.Kf2 Bg7 50.e6+ Ke7
51.Ke3 Bd4+ 52.Ke4 Rd8 53.Rxd3 Ra8 54.Nxd4 cxd4 55.Rxd4 Ra2 56.Ke5 Re2+ 57.Re4 Rf2
58.h4 b6 59.g5 hxg5 60.hxg5 Ke8 61.Ra4 Re2+ 62.Kf6  1-0

[Event "100th ch-GBR 2013"]
[Site "Torquay ENG"]
[Date "2013.08.02"]
[Round "5.26"]
[White "Collier,D"]
[Black "Rayner,F"]
[Result "1/2-1/2"]
[WhiteElo "2086"]
[BlackElo "2186"]

1.d4 Nf6 2.Bg5 c5 3.Bxf6 gxf6 4.d5 Qb6 5.Qc1 f5 6.g3 Bg7 7.c3 d6 8.Nd2 e6
9.Bg2 Qd8 10.a4 Nd7 11.Nh3 Nf6 12.c4 e5 13.O-O a5 14.e3 h5 15.f4 e4 16.Nf2 Ng4
17.Nxg4 hxg4 18.Rf2 Qf6 19.Nb1 Bd7 20.Nc3  1/2-1/2

[Event "2nd Washington Int"]
[Site "Rockville USA"]
[Date "2013.08.06"]
[Round "2.16"]
[White "Chevannes,S"]
[Black "Enkhbat,T1"]
[Result "0-1"]
[WhiteElo "2160"]
[BlackElo "2417"]

1.d4 d5 2.Bg5 Nf6 3.e3 c6 4.Bd3 Bg4 5.f3 Bh5 6.Ne2 Bg6 7.Nf4 Bxd3 8.Nxd3 Nbd7
9.Nd2 h6 10.Bh4 e6 11.O-O Be7 12.c3 O-O 13.e4 Nb6 14.e5 Nfd7 15.Bxe7 Qxe7
16.f4 c5 17.Rf3 Rac8 18.Rg3 f5 19.Qh5 cxd4 20.Qxh6 dxc3 21.bxc3 Rxc3 22.Qg6 Qf7
23.Qg5 Rfc8 24.Qh4 Nc5 25.Rh3 Qg6 26.Nxc5 Rxh3 27.Qxh3 Rxc5 28.Qe3 Rc8 29.Nf3 Qg4
30.Ng5 Rc2 31.g3 Qh5 32.h4 Qe8 33.a4 Qc6 34.a5 Nd7 35.Rd1 Qc5 36.Qxc5 Nxc5
37.Rb1 Kf8 38.Rb5 Ke7 39.h5 d4 40.Kf1 d3 41.Ke1 Kd7 42.Kd1 Kc6 43.Rxc5+ Kxc5
44.Nxe6+ Kc4 45.Nxg7 Kc3 46.Nxf5 Rh2 47.Ke1 d2+  0-1

[Event "100th ch-GBR 2013"]
[Site "Torquay ENG"]
[Date "2013.08.06"]
[Round "8.43"]
[White "Collier,D"]
[Black "Taylor,Adam C"]
[Result "0-1"]
[WhiteElo "2086"]
[BlackElo "2001"]

1.d4 Nf6 2.Bg5 c5 3.Bxf6 exf6 4.d5 Qb6 5.Qc1 g6 6.Qe3+ Be7 7.b3 d6 8.Nd2 Qc7
9.Ngf3 O-O 10.h4 h5 11.a4 b6 12.g3 f5 13.Nc4 Re8 14.Bg2 Nd7 15.Rd1 Ba6 16.Qf4 Bf8
17.Nfd2 Ne5 18.e3 Bb7 19.Nb1 a6 20.Nc3 Rad8 21.O-O Bg7 22.e4 fxe4 23.Bxe4 Ng4
24.Nb1 Bh6 25.Qf3 b5 26.axb5 axb5 27.Nca3 Qb6 28.c4 b4 29.Nc2 f5 30.Bxf5 Ne5
31.Qe4 gxf5 32.Qxf5 Bg7 33.Qxh5 Bc8 34.Ne3 Qc7 35.Nf5 Rf8 36.Nxg7 Qxg7 37.Kg2 Bg4  0-1